Fedón ; Fedro / (Registro nro. 9059)

Detalles MARC
000 -LIDER
fixed length control field 00999nam a2200349 4500
001 - NÚMERO DE CONTROL
Identificador de número de control 002014982
003 - IDENTIFICACDOR DE NÚMERO DE CONTROL
control field DO-SdBNP
005 - DATE AND TIME OF LATEST TRANSACTION
control field 20231003130944.0
007 - CAMPOS FIJOS DE DESCRIPCIÓN FÍSICA
fixed length control field 002014982
008 - ELEMENTOS DE LONGITUD FIJA
fixed length control field 050404s 2001 sp | ||spa
017 ## - NÚMERO DE REGISTRO DE DERECHOS DE AUTOR
Copyright or legal deposit number
Assigning agency
020 ## - ISBN
International Standard Book Number 820636452
035 ## - NÚMERO LOCAL
System control number
040 ## - FUENTE DE CATALOGACIÓN
Agencia que crea de manera original el registro BPMSU
Idioma de catalogación spa
Agencia que realiza la transcripción BPMSU
Convenciones de la despripción
080 #0 - NÚMERO DE CLASIFICACIÓN DECIMAL UNIVERSAL
Universal Decimal Classification number
082 #4 - NÚMERO DE CLASIFICACIÓN DECIMAL DE DEWEY
Classification number 888.4
Item number P718F 2001
Edition number 22
100 1# - ASIENTO PRINCIPAL -- NOMBRE PERSONAL
Nombre personal Platón,
Fechas asociadas con el nombre 428?-347 a. C.
245 10 - MENCIÓN DE TITULO
Título Fedón ; Fedro /
Mención de responsabilidad Platón ; introducción, traducción y notas de Luis Gil Fernández.
Medio (Designación general de material)
246 ## - VARIACION DEL TÍTULO
Título propiamente dicho o título corto Fedro
260 ## - PUBLICACIÓN, DISTRIBUCIÓN, ETC. (PIE DE IMPRENTA)
Lugar de publicación, distribución, etc Madrid :
Nombre del editor, distribuidor, etc. Alianza Editorial.
Fecha de publicación, distribución, etc 2001
300 ## - DESCRIPCIÓN FÍSICA
Extensión 187 p. :
Dimensiones 19 cm.
490 0# - MENCIÓN DE SERIES
Mención de serie Clásicos de Grecia y Roma
Volume/sequential designation
590 ## - NOTA LOCAL
Texto de la nota local Inventariado, 2023/VM
650 #4 - ENCABEZAMIENTO DE MATERIA--TEMÁTICO
Término temático o nombre geográfico como elemento de entrada Literatura griega
Subdivisión de forma Colecciones de escritos
Fuente del encabezamiento o término
650 #4 - ENCABEZAMIENTO DE MATERIA--TEMÁTICO
Término temático o nombre geográfico como elemento de entrada Filosofía del arte.
650 #4 - ENCABEZAMIENTO DE MATERIA--TEMÁTICO
Término temático o nombre geográfico como elemento de entrada Amor
Subdivisión temática general Filosofí
Subdivisión de forma
Fuente del encabezamiento o término
700 1# - ASIENTO SECUNDARIO -- NOMBRE PERSONAL
Nombre personal Platón
Título de una obra Fedro
700 1# - ASIENTO SECUNDARIO -- NOMBRE PERSONAL
Nombre personal Gil Fernández, Luis
Mención de responsabilidad tr.
740 02 - ASIENTO SECUNDARIO DE TÍTULOS RELACIONADOS O ANALÍTICOS NO CONTROLADOS
Título analítico o relacionado no controlado Fedro
910 ## - VALIDACIÓN
Validación VMateo V. Control de calidad BPMSU
942 ## - ADDED ENTRY ELEMENTS (KOHA)
Source of classification or shelving scheme Dewey Decimal Classification
Koha item type Libros
Existencias
Withdrawn status Lost status Source of classification or shelving scheme Damaged status Not for loan Collection code Home library Current library Date acquired Source of acquisition Total Checkouts Full call number Barcode Date last seen Price effective from Koha item type
    Dewey Decimal Classification     Colección General Biblioteca Pública Metropolitana Salomé Ureña Biblioteca Pública Metropolitana Salomé Ureña 12/09/2015 FUNDI   BPMSU CG 888.4 P718F 2001 BPMSU15120094 12/09/2015 12/09/2015 Libros